Sports Quiz

Random Sports or City Quiz
Score 0/15 Timer 04:00
0 Plays Today
Team City % Correct
Tottenham HotspurLondon
95.9%
AjaxAmsterdam
94.6%
EvertonLiverpool
91.1%
LazioRome
89.9%
RangersGlasgow
89.8%
Aston VillaBirmingham
86.4%
Sporting CPLisbon
84.1%
EspanyolBarcelona
84.1%
Team City % Correct
Fenerbahçe Istanbul
82.7%
PSVEindhoven
77.4%
FK PartizanBelgrade
76.9%
River PlateBuenos Aires
73.8%
Young BoysBern
67.6%
CorinthiansSao Paulo
56.2%
Cruz AzulMexico City
48.9%
Remove Ads.
Support Sporcle.
Get the best of Sporcle when you Go Orange. This ad-free experience offers more features, more stats, and more fun while also helping to support Sporcle. Thank you for becoming a member.

You're not logged in!

Compare scores with friends on all Sporcle quizzes.
OR
Log In

Show Comments

Extras

Created Oct 4, 2009ReportNominate
Tags:City Quiz, Soccer Quiz, home, team

Top Quizzes Today


Score Distribution

Your Account Isn't Verified!

In order to create a playlist on Sporcle, you need to verify the email address you used during registration. Go to your Sporcle Settings to finish the process.

Report this User

Report this user for behavior that violates our Community Guidelines.

Details: